书目信息 |
| 题名: |
公共经济学
|
|
| 作者: | 张兆本 主编 | |
| 分册: | ||
| 出版信息: | 北京 人民出版社 2006.10 |
|
| 页数: | 361页 | |
| 开本: | 19cm | |
| 丛书名: | ||
| 单 册: | ||
| 中图分类: | F062.6 | |
| 科图分类: | ||
| 主题词: | 经济学--分支科学 | |
| 电子资源: | ||
| ISBN: | 7-01-005876-8 | |
| 000 | 00638nam0 2200217 450 | |
| 001 | 0841124048 | |
| 005 | 20080110112550.35 | |
| 010 | @a7-01-005876-8@dCNY25.00 | |
| 100 | @a20080110d2006 km y0chiy0120 ea | |
| 101 | 0 | @achi |
| 102 | @aCN@b110000 | |
| 200 | 1 | @a公共经济学@Agong gong jing ji xue@f张兆本主编@Fzhang zhao ben zhu bian |
| 210 | @a北京@c人民出版社@d2006.10 | |
| 215 | @a361页@d19cm | |
| 300 | @a公务员公共管理核心教材 | |
| 606 | 0 | @a经济学@x分支科学 |
| 690 | @aF062.6@v4 | |
| 701 | 0 | @a张兆本@Azhang zhao ben@4主编 |
| 801 | 0 | @aCN@b大连网信软件有限公司图书馆@c20080110 |
| 905 | @aBZT@dF062.6@e2 | |
| 906 | @dCNY25.00@n0@r1 | |
| 公共经济学/张兆本主编.-北京:人民出版社,2006.10 |
| 361页;19cm |
| 公务员公共管理核心教材 |
| ISBN 7-01-005876-8:CNY25.00 |
| ● |
| 相关链接 |
|
|
|
正题名:公共经济学
索取号:F062.6/2
 
预约/预借
| 序号 | 登录号 | 条形码 | 馆藏地/架位号 | 状态 | 备注 |
| 1 | 600694 | 2000600694 | 中心书库北库/ 北库006架B面1列6层8/ [索取号:F062.6/2] | 在馆 | |
| 2 | 600695 | 2000600695 | 中心书库北库/ 北库006架B面1列6层10/ [索取号:F062.6/2] | 在馆 | |
| 3 | 600696 | 2000600696 | 中心书库北库/ 北库006架B面1列6层15/ [索取号:F062.6/2] | 在馆 | |
| 4 | 600697 | 2000600697 | 中心书库北库/ 北库006架B面1列6层9/ [索取号:F062.6/2] | 在馆 | |
| 5 | 600698 | 2000600698 | 中心书库北库/ 北库006架B面1列6层11/ [索取号:F062.6/2] | 在馆 | |
| 6 | 600699 | 2000600699 | 中心书库北库/ 北库006架B面1列6层14/ [索取号:F062.6/2] | 在馆 | |
| 7 | 600700 | 2000600700 | 中心书库北库/ 北库006架B面1列6层12/ [索取号:F062.6/2] | 在馆 | |
| 8 | 600701 | 2000600701 | 中心书库北库/ 北库006架B面1列6层13/ [索取号:F062.6/2] | 在馆 | |
| 9 | 600702 | 2000600702 | 中心书库北库/ 北库006架B面1列6层6/ [索取号:F062.6/2] | 在馆 | |
| 10 | 600703 | 2000600703 | 中心书库北库/ 北库006架B面1列6层7/ [索取号:F062.6/2] | 在馆 |